|
|
|
|
| LEADER |
00000nab a2200000 a 4500 |
| 001 |
vtls000739189 |
| 003 |
SK-MaSNL |
| 005 |
20260303200341.0 |
| 008 |
160314c2000 xo 0 slo |
| 015 |
|
|
|a SNBRB2000/12-35407
|
| 035 |
|
|
|a CLN000091048
|
| 040 |
|
|
|a SNKBUCL
|b slo
|c SNKBUCL
|e AACR2
|
| 041 |
0 |
|
|a slo
|
| 044 |
|
|
|a xo
|c SK
|
| 080 |
|
|
|a 82.09:885.4-1(048)
|2 UDC-MRF-SK2
|
| 080 |
|
|
|a 885.4-1(048)
|2 UDC-MRF-SK2
|
| 080 |
|
|
|a 784.66(048)
|2 UDC-MRF-SK2
|
| 100 |
1 |
|
|a Čúzy, Ladislav,
|d 1950-
|4 aut
|9 226174
|
| 245 |
1 |
0 |
|a Spomienka na búrliváka
|b básnickosť a filozofickosť piesňových textov
|c Ladislav Čúzy
|
| 650 |
0 |
7 |
|a piesňové texty
|2 snkbucl
|9 81653
|
| 650 |
0 |
7 |
|a lyrické básne
|2 snkbucl
|9 30952
|
| 655 |
|
7 |
|a recenzie
|2 snkbucl
|9 21907
|
| 773 |
0 |
|
|x 1335-468X
|t Slovo. Politicko-spoločenský týždenník
|g Roč. 2, č. 14 (2000), s. 10
|
| 787 |
0 |
8 |
|i Rec.:
|a Urban, Jozef, 1964-1999
|t Voda, čo nás drží nad vodou
|d Bratislava : Slovenský spisovateľ, 2000
|z 8022010227
|w SK01SNK20000341287
|
| 850 |
|
|
|a Slovenská národná knižnica v Martine
|
| 852 |
|
|
|a SNK
|b KIS3GCP
|
| 958 |
|
|
|a SK
|
| 958 |
|
|
|a LX
|
| 958 |
|
|
|a RC
|
| 958 |
|
|
|a RBX
|
| 999 |
|
|
|c 2167761
|d 2169691
|